MARC details
| 000 -LEADER |
| campo de control de longitud fija |
03111cgm a2200685Ia 4500 |
| 001 - NÚMERO DE CONTROL |
| campo de control |
83545 |
| 005 - FECHA Y HORA DE LA ÚLTIMA TRANSACCIÓN |
| campo de control |
20230410123857.0 |
| 007 - CAMPO FIJO DE DESCRIPCIÓN FÍSICA--INFORMACIÓN GENERAL |
| campo de control de longitud fija |
vd cvaizm |
| 008 - DATOS DE LONGITUD FIJA--INFORMACIÓN GENERAL |
| campo de control de longitud fija |
061011p20061960nyu101 vljpn d |
| 035 ## - NÚMERO DE CONTROL DEL SISTEMA |
| Número de control de sistema |
(OCoLC)ocn122787554 |
| 040 ## - FUENTE DE CATALOGACIÓN |
| Centro catalogador/agencia de origen |
IaU |
| Centro/agencia transcriptor |
NUI |
| Centro/agencia modificador |
BTCTA |
| -- |
UMC |
| -- |
TXI |
| 066 ## - JUEGOS/CONJUNTO DE CARACTERES UTILIZADOS/PRESENTES |
| Juego/conjunto de caracteres alternativo G0 o G1 |
$1 |
| 020 ## - NÚMERO INTERNACIONAL ESTÁNDAR DEL LIBRO |
| Número Internacional Estándar del Libro |
1559409991 |
| 020 ## - NÚMERO INTERNACIONAL ESTÁNDAR DEL LIBRO |
| Número Internacional Estándar del Libro |
9781559409995 |
| 024 1# - IDENTIFICADOR DE OTROS ESTÁNDARES |
| Número estándar o código |
715515020121 |
| 028 42 - NÚMERO DE EDITOR O DISTRIBUIDOR |
| Número de editor o de distribuidor |
CC1651D |
| Fuente |
Criterion Collection |
| 035 ## - NÚMERO DE CONTROL DEL SISTEMA |
| Número de control de sistema |
(OCoLC)122787554 |
| 041 0# - CÓDIGO DE IDIOMA |
| Código de lengua del texto/banda sonora o título independiente |
jpn |
| Código de lengua del sumario o resumen |
eng |
| 043 ## - CÓDIGO DE ÁREA GEOGRÁFICA |
| Código de área geográfica |
a-ja--- |
| 050 14 - SIGNATURA TOPOGRÁFICA DE LA BIBLIOTECA DEL CONGRESO |
| Número de clasificación |
CM DVD 01210 |
| 049 ## - FONDOS LOCALES (OCLC) |
| Biblioteca depositaria |
GRAL |
| 245 00 - MENCIÓN DEL TÍTULO |
| Título |
Jigoku |
| Medio |
[videorecording] / |
| Mención de responsabilidad, etc. |
Shin Tåohåo Kabushiki Kaisha ; såoshiki åOkura Mitsugi ; kikaku Kasane Såosuke ; kyakuhon Nakagawa Nobuo, Miyagawa Ichiråo ; kantoku Nakagawa Nobuo = |
| Resto del título |
Hell / Shintoho Company, Ltd. ; a Mitsugu Okura production ; original concept by Sosuke Kasane ; screenplay by Nobuo Nakagawa and Ichiro Miyagawa ; directed by Nobuo Nakagawa. |
| 246 31 - FORMA VARIANTE DEL TITULO |
| Título propio/Titulo breve |
Hell |
| 246 1# - FORMA VARIANTE DEL TITULO |
| Texto de visualización |
Also known as: |
| Título propio/Titulo breve |
Sinners of hell |
| 250 ## - MENCION DE EDICION |
| Mención de edición |
Widescreen. |
| 260 ## - PUBLICACIÓN, DISTRIBUCIÓN, ETC. |
| Lugar de publicación, distribución, etc. |
[Irvington, N.Y.] : |
| Nombre del editor, distribuidor, etc. |
Criterion Collection, |
| Fecha de publicación, distribución, etc. |
c2006. |
| 300 ## - DESCRIPCIÓN FÍSICA |
| Extensión |
1 videodisc (101 min.) : |
| Otras características físicas |
sd., col. ; |
| Dimensiones |
4 3/4 in. + |
| Material acompañante/anejo |
1 booklet (unp. : col. ill. ; 18 cm.) |
| 490 1# - MENCIÓN DE SERIE |
| Mención de serie |
Criterion collection ; |
| Designación de volumen o secuencia |
352 |
| 538 ## - NOTA DE DETALLES DEL SISTEMA |
| Nota de detalles del sistema |
DVD; region 1, NTSC; widescreen (2.35:1) presentation, ehanced for (16:9) televisions; Dolby digital mono. |
| 546 ## - NOTA DE IDIOMA |
| Nota de lengua/lenguaje |
In Japanese with optional English subtitles. |
| 511 1# - NOTA DE PARTICIPANTES O INTÉRPRETES |
| Enlace |
880-02 |
| Nota de participantes o intérpretes |
Shigeru Amachi, Utako Mitsuya, Yoichi Numata. |
| 508 ## - NOTA DE CRÉDITOS DE CREACIÓN O PRODUCCIÓN |
| Nota de créditos de creación o producción |
Chinematography, Morita Mamoru ; music, Watanabe Chåumei. |
| 500 ## - NOTA GENERAL |
| Nota general |
Originally produced as a motion picture in 1960. |
| 500 ## - NOTA GENERAL |
| Nota general |
Booklet includes an essay by Asian cinema critic Chuck Stephens. |
| 520 ## - RESUMEN, ETC. |
| Sumario, etc. |
After a young theology student flees a hit-and-run accident, he is plagued by both his own guilt-ridden conscience and a mysterious, diabolical doppelgèanger. But all possible escape routes lead straight to hell... literally. |
| 500 ## - NOTA GENERAL |
| Nota general |
Special features: "Building the inferno : Nobuo Nakagawa and the making of 'Jigoku'" (documentary film, 2006, 39 min.); original theatrical trailer; Nobuo Nakagawa poster gallery; Shintoho Studios poster gallery. |
| 650 #0 - PUNTO DE ACCESO ADICIONAL DE MATERIA--TÉRMINO DE MATERIA |
| Término de materia o nombre geográfico como elemento de entrada |
Hell |
| Subdivisión de forma |
Drama. |
| 650 #0 - PUNTO DE ACCESO ADICIONAL DE MATERIA--TÉRMINO DE MATERIA |
| Término de materia o nombre geográfico como elemento de entrada |
Guilt |
| Subdivisión de forma |
Drama. |
| 650 #0 - PUNTO DE ACCESO ADICIONAL DE MATERIA--TÉRMINO DE MATERIA |
| Término de materia o nombre geográfico como elemento de entrada |
Conscience |
| Subdivisión de forma |
Drama. |
| 650 #4 - PUNTO DE ACCESO ADICIONAL DE MATERIA--TÉRMINO DE MATERIA |
| Término de materia o nombre geográfico como elemento de entrada |
Cine Japonés (inglés) |
| 655 #0 - TERMINO DE INDIZACIÓN--GENERO/FORMA |
| Datos o término principal de género/forma |
Horror films. |
| 655 #0 - TERMINO DE INDIZACIÓN--GENERO/FORMA |
| Datos o término principal de género/forma |
Feature films. |
| 655 #7 - TERMINO DE INDIZACIÓN--GENERO/FORMA |
| Datos o término principal de género/forma |
Horror films. |
| Fuente del término |
gsafd |
| 655 #7 - TERMINO DE INDIZACIÓN--GENERO/FORMA |
| Datos o término principal de género/forma |
Feature films |
| Subdivisión geográfica |
Japan. |
| Fuente del término |
gsafd |
| 700 1# - ENTRADA AGREGADA--NOMBRE PERSONAL |
| Nombre de persona |
åOkura, Mitsugi, |
| Fechas asociadas al nombre |
1899-1978. |
| 700 1# - ENTRADA AGREGADA--NOMBRE PERSONAL |
| Nombre de persona |
Kasane, Såosuke. |
| 700 1# - ENTRADA AGREGADA--NOMBRE PERSONAL |
| Nombre de persona |
Nakagawa, Nobuo, |
| Fechas asociadas al nombre |
1905- |
| 700 1# - ENTRADA AGREGADA--NOMBRE PERSONAL |
| Nombre de persona |
Miyagawa, Ichiråo. |
| 700 1# - ENTRADA AGREGADA--NOMBRE PERSONAL |
| Nombre de persona |
Amachi, Shigeru, |
| Fechas asociadas al nombre |
1931-1985. |
| 700 1# - ENTRADA AGREGADA--NOMBRE PERSONAL |
| Nombre de persona |
Mitsuya, Utako, |
| Fechas asociadas al nombre |
1936-2004. |
| 700 1# - ENTRADA AGREGADA--NOMBRE PERSONAL |
| Nombre de persona |
Numata, Yåoichi, |
| Fechas asociadas al nombre |
1924- |
| 700 1# - ENTRADA AGREGADA--NOMBRE PERSONAL |
| Nombre de persona |
Stephens, Chuck. |
| 710 2# - ENTRADA AGREGADA--NOMBRE DE ENTIDAD CORPORATIVA |
| Nombre de entidad corporativa o nombre de jurisdicción como elemento de entrada |
Shin Tåohåo Kabushiki Kaisha. |
| 710 2# - ENTRADA AGREGADA--NOMBRE DE ENTIDAD CORPORATIVA |
| Nombre de entidad corporativa o nombre de jurisdicción como elemento de entrada |
Criterion Collection (Firm) |
| 740 02 - ENTRADA AGREGADA--TÍTULO RELACIONADO/ANALÍTICO NO CONTROLADO |
| Título relacionado o analítico no controlado |
Building the inferno : Nobuo Nakagawa and the making of Jigoku. |
| 830 #0 - PUNTO DE ACCESO ADICIONAL DE SERIE-TÍTULO UNIFORME |
| Título uniforme |
Criterion collection (DVD videodiscs) ; |
| Designación de volumen o secuencia |
352. |
| 938 ## - |
| -- |
Baker and Taylor |
| -- |
BTCP |
| -- |
be2006015545 |
| 942 ## - ELEMENTOS DE ENTRADA SECUNDARIOS (KOHA) |
| Fuente del sistema de clasificación o colocación |
Clasificación de Library of Congress |
| Tipo de ítem Koha |
|
| 994 ## - |
| -- |
C0 |
| -- |
DRFGD |